Music Quiz

Random Music or The Beatles Quiz
Score 0/13 Timer 05:00
0 Plays Today
% Correct
Abbey Road
94.3%
Sgt Pepper's Lonely Hearts Club Band
92.5%
Rubber Soul
88.2%
Revolver
88.1%
Help!
86.4%
With the Beatles
84.2%
Let It Be
82.8%
Please Please Me
81.5%
A Hard Day's Night
81%
The Beatles (White Album)
70.9%
Beatles for Sale
70.4%
Yellow Submarine
67.7%
Magical Mystery Tour
67.5%
Remove Ads.
Support Sporcle.
Get the best of Sporcle when you Go Orange. This ad-free experience offers more features, more stats, and more fun while also helping to support Sporcle. Thank you for becoming a member.

You're not logged in!

Compare scores with friends on all Sporcle quizzes.
OR
Log In

Sporcle TV

Today on Sporcle TV


Watch our educational content, quiz creation guides, and fun videos on Sporcle TV.

Show Comments

Extras

Top Quizzes Today


Score Distribution

Paid Content

Your Account Isn't Verified!

In order to create a playlist on Sporcle, you need to verify the email address you used during registration. Go to your Sporcle Settings to finish the process.

Report this User

Report this user for behavior that violates our Community Guidelines.

Details: